| 000 | 00681cam a2200205 a 4500 | ||
|---|---|---|---|
| 001 | 1652579 | ||
| 005 | 20250328194714.0 | ||
| 008 | 970429s1997 kyu b 000 0 eng | ||
| 020 | _a0664257429 (pbk. : alk. paper) | ||
| 020 | _a9780664257422 | ||
| 050 | 0 | 0 |
_aBR121.2 _b.B734 1997 |
| 082 | 0 | 0 |
_a261.8 _221 |
| 100 | 1 |
_aBrown, Robert McAfee, _d1920-2001. |
|
| 245 | 1 | 0 |
_aSpeaking of Christianity : _bpractical compassion, social justice, and other wonders / _cRobert McAfee Brown. |
| 250 | _a1st ed. | ||
| 260 |
_aLouisville, Ky. : _bWestiminster John Knox Press, _cc1997. |
||
| 300 |
_ax, 161 p. ; _c23 cm. |
||
| 650 | 0 |
_aChristianity _y20th century. |
|
| 942 |
_2lcc _cBK _e1st Ed. _n0 |
||
| 999 |
_c5323 _d5323 |
||